000
00239nam a2200097Ia 4500
008
170619s9999 xx 000 0 und d
100
_a
Stallings- William
245
0
_a
Crytography and network security
260
_b
New Delhi: PHI
260
_c
2005
546
_a
ENGLISH
999
_c
18118
_d
18118